| 000 | 01118nam a22003617a 4500 | ||
|---|---|---|---|
| 003 | CHAP | ||
| 005 | 20220817044047.0 | ||
| 008 | 051115d2004 it rn 00110 fre d | ||
| 010 | _a91308 | ||
| 011 | _a92280 | ||
| 020 | _a9252051260 | ||
| 035 | _a102844 | ||
| 040 | _cCHAP | ||
| 082 | 0 | 4 |
_a589.95 _bF3f v.4 |
| 110 | 2 | _aFAO | |
| 245 | 1 | 0 |
_aEvaluation des risques liés á Listeria monocytogenes dans les aliments prets a consommer _c/par FAO |
| 260 |
_aRome : _bFAO, _c2004. |
||
| 300 | _a54 p. | ||
| 410 | 2 | 0 | _aFAO |
| 490 | 0 |
_aEvaluación de riesgos microbiológicos _v; 4 |
|
| 590 |
_aBATCH-UPD _b10 _c20130110 _lUCH01 _h1445 |
||
| 590 |
_aBATCH-UPD _b10 _c20130410 _lUCH01 _h0915 |
||
| 590 |
_aBATCH-UPD _b10 _c20130914 _lUCH01 _h0209 |
||
| 590 |
_aCONVERSION _b10 _c20130109 _lUCH01 _h1351 |
||
| 650 | 1 | 4 |
_aAlimentos _xContaminación. _94205 |
| 650 | 1 | 4 |
_aListeria monocytogenes. _967103 |
| 810 | 0 | _aFAO | |
| 830 | 0 |
_aEvaluación de riesgos microbiológicos _v; 4 _938914 |
|
| 901 | _aBK | ||
| 905 | _aLilia | ||
| 942 | _cLIBRO | ||
| 949 |
_a589.95 F3f v.4 _bBC _cFAO _d33724000973426 _eFAO1 _h107500 _i102844 _sb |
||
| 999 |
_c91308 _d91308 |
||